000 00751nam a2200217Ii 4500
003 JO-AjNU
008 230605s9999||||xx |||||||||||||| ||und||
017 _a2006/9/2579
040 _aJO-AjNU
_bara
_erda
_cJO-AjNU
041 _aara
050 1 4 _aHM24.K3282 2006
100 3 _aخطايبة، صايل زكي / م.مشارك: نادر ابراهيم بني نصر,
_eauthor
_97324
245 0 0 _aالمجتمع الاردني
250 _aط2
264 3 1 _aعمان: المؤلفان، 2006
300 _a260ص
_bيحتوي على ببلوغرافية من 259-260ص
336 _atext
_btxt
_2rdacontent
337 _aunmediated
_bn
_2rdamedia
338 _avolume
_bnc
_2rdacarrier
650 4 _a الأردن - أحوال اجتماعية 
_97325
999 _aA222
_c3790
_d3790